000 01231nac a22004930a 4500
001 PT54392
003 AR-LpoUNG
005 20210201005533.0
008 201001s1994||||sp |||||||||||||||||spa d
020 _a8475836690
_c$28
040 _aAR-LpoUNG
_bspa
_eaacr
041 _aspa
044 _asp
082 0 _aR909 794ren-v2
100 1 _aBlack, C. F.
245 1 3 _aEl mundo del Renacimiento :
_barte y pensamiento renuevan Europa
260 _aBarcelona :
_bFolio,
_c1994.
300 _a[132] p. :
_bil., mapas, gráfs., fot.
_3Impreso
490 0 _aAtlas culturales del mundo
650 4 _aANALISIS HISTORICO
650 4 _aARQUITECTURA
650 4 _aARTE
650 4 _aATLAS
650 4 _aBELLAS ARTES
650 4 _aCIVILIZACION
650 4 _aCOMERCIO
650 4 _aCULTURA
650 4 _aEUROPA
650 4 _aFACTORES CULTURALES
650 4 _aHISTORIA
650 4 _aIMPRENTA
650 4 _aMATERIAL DE REFERENCIA
650 4 _aRELIGION
650 4 _aRENACIMIENTO
650 4 _aSOCIEDAD
650 4 _aTEATRO
650 4 _aVIAJES
651 4 _aMundial
700 1 _aGreengrass, Mark
700 1 _aHowarth, David
700 1 _aLawrance, Jeremy
905 _a54392
942 _cLSALA
999 _c50119
_d50119